Faculty of Law Library — Cairo University

Official Online Catalog

International criminal law : (Record no. 52817)

MARC details
000 -LEADER
fixed length control field 01865cac a2200385 i 4500
003 - CONTROL NUMBER IDENTIFIER
control field EG-GICUC
005 - DATE AND TIME OF LATEST TRANSACTION
control field 20260121101542.0
008 - FIXED-LENGTH DATA ELEMENTS--GENERAL INFORMATION
fixed length control field 080915s2009 txu frb 001 0 eng d
020 ## - INTERNATIONAL STANDARD BOOK NUMBER
International Standard Book Number 9780735565531
Qualifying information pbk. : alk. paper
020 ## - INTERNATIONAL STANDARD BOOK NUMBER
International Standard Book Number 0735565538
Qualifying information pbk. : alk. paper
040 ## - CATALOGING SOURCE
Original cataloging agency DLC
Transcribing agency DLC
Modifying agency BTCTA
-- NDL
-- DLC
-- EG-GICUC
Language of cataloging eng
Description conventions rda
050 00 - LIBRARY OF CONGRESS CALL NUMBER
Classification number KZ7050
Item number .S59 2009
082 00 - DEWEY DECIMAL CLASSIFICATION NUMBER
Classification number 343.5
Edition number 22
092 04 - LOCALLY ASSIGNED DEWEY CALL NUMBER (OCLC)
Edition number 21
099 ## - LOCAL FREE-TEXT CALL NUMBER (OCLC)
Classification number Law 10 2009
100 1# - MAIN ENTRY--PERSONAL NAME
Personal name Slye, Ronald.
245 10 - TITLE STATEMENT
Title International criminal law :
Remainder of title essentials /
Statement of responsibility, etc. Ronald C. Slye, Beth Van Schaack .
264 ## - PRODUCTION, PUBLICATION, DISTRIBUTION, MANUFACTURE, AND COPYRIGHT NOTICE
Place of production, publication, distribution, manufacture Austin :
Name of producer, publisher, distributor, manufacturer Wolters Kluwer Law & Business ;
Place of production, publication, distribution, manufacture New York, NY :
Name of producer, publisher, distributor, manufacturer Aspen Publishers,
Date of production, publication, distribution, manufacture, or copyright notice 2009.
300 ## - PHYSICAL DESCRIPTION
Extent xxi, 354 page ;
Dimensions 22 cm.
336 ## - CONTENT TYPE
Content type term text
Content type code txt
Source rdacontent
337 ## - MEDIA TYPE
Media type term unmediated
Media type code n
Source rdamedia
338 ## - CARRIER TYPE
Carrier type term volume
Carrier type code nc
Source rdacarrier
490 1# - SERIES STATEMENT
Series statement Essentials
504 ## - BIBLIOGRAPHY, ETC. NOTE
Bibliography, etc. note Includes bibliographical references (p. 323-336) and index.
505 0# - FORMATTED CONTENTS NOTE
Formatted contents note A concise history of international criminal law -- Sovereignty, jurisdiction, and power -- The making of international criminal law -- The internationalization of crimes -- The principle of legality in international criminal law -- The legal regulation of armed conflict -- The crimes of terrorism -- Genocide and crimes against humanity -- Immunities, amnesties, and excuses -- Forms of individual responsibility -- International criminal law and its alternatives : truth, justice, reconciliation, and memory.
650 #0 - SUBJECT ADDED ENTRY--TOPICAL TERM
Topical term or geographic name entry element International criminal law.
650 #0 - SUBJECT ADDED ENTRY--TOPICAL TERM
Topical term or geographic name entry element Crimes against humanity (International law).
650 #0 - SUBJECT ADDED ENTRY--TOPICAL TERM
Topical term or geographic name entry element War crimes.
700 1# - ADDED ENTRY--PERSONAL NAME
Personal name Van Schaack, Beth.
830 #0 - SERIES ADDED ENTRY--UNIFORM TITLE
Uniform title Essentials (Aspen Publishers)
856 41 - ELECTRONIC LOCATION AND ACCESS
Uniform Resource Identifier <a href="https://fll.law.cu.edu.eg/fulltext/bks/ENGB10-00099.pdf">https://fll.law.cu.edu.eg/fulltext/bks/ENGB10-00099.pdf</a>
856 41 - ELECTRONIC LOCATION AND ACCESS
Materials specified Table of contents only
Uniform Resource Identifier <a href="http://www.loc.gov/catdir/toc/ecip0828/2008040741.html">http://www.loc.gov/catdir/toc/ecip0828/2008040741.html</a>
905 ## - Cataloger and Reviser Names
Cataloger Name: Hend El khosy
942 ## - ADDED ENTRY ELEMENTS (KOHA)
Source of classification or shelving scheme Dewey Decimal Classification
Koha item type Books
Edition 21
Suppress in OPAC No
Holdings
Withdrawn status Lost status Source of classification or shelving scheme Damaged status Not for loan Collection Home library Current library Date acquired Total checkouts Full call number Barcode Date last seen Copy number Price effective from Koha item type Public note
    Dewey Decimal Classification     القانون الجنائي جــــامعة القــاهرة مكتبة كلية الحقوق - فـرع الشيخ زايد 28.12.2025   Law2 10 343.5 SL . I 2009 1000099 C1 ENGB10-00099 28.12.2025 1 28.12.2025 Books 1538

© All rights reserved — Faculty of Law, Cairo University